Normal view
MARC view
- British Standards Institution
Entry Corporate Name
001 - CONTROL NUMBER
- control field: 38042
003 - CONTROL NUMBER IDENTIFIER
- control field: OSt
005 - DATE AND TIME OF LATEST TRANSACTION
- control field: 20150519132229.0
008 - FIXED-LENGTH DATA ELEMENTS
- fixed length control field: 150519|| aca||aabn | a|a d
040 ## - CATALOGING SOURCE
- Original cataloging agency: OSt
110 2# - HEADING--CORPORATE NAME
- Corporate name or jurisdiction name as entry element: British Standards Institution
410 2# - SEE FROM TRACING--CORPORATE NAME
- Corporate name or jurisdiction name as entry element: British Engineering Standards Committee
410 2# - SEE FROM TRACING--CORPORATE NAME
- Corporate name or jurisdiction name as entry element: B.S.I.
410 2# - SEE FROM TRACING--CORPORATE NAME
- Corporate name or jurisdiction name as entry element: BSI
410 2# - SEE FROM TRACING--CORPORATE NAME
- Corporate name or jurisdiction name as entry element: British Standards Institute
510 2# - SEE ALSO FROM TRACING--CORPORATE NAME
- Corporate name or jurisdiction name as entry element: British Engineering Standards Association
510 2# - SEE ALSO FROM TRACING--CORPORATE NAME
- Corporate name or jurisdiction name as entry element: BSI Group